[Event "Coca Cola op"]
[Site "Olanesti"]
[Date "1997.??.??"]
[Round "6"]
[White "Kutnik, Alexandru"]
[Black "Moldovan, Daniel"]
[Result "0-1"]
[WhiteElo "2180"]
[BlackElo "2445"]

1.e4 g6 2.d4 Bg7 3.Nc3 d6 4.g3 Nc6 5.Be3 e5 6.dxe5 Nxe5 7.h3 Nf6 8.b3 O-O
9.Bg2 Bd7 10.Nge2 Re8 11.O-O Nc6 12.Qd2 b5 13.f3 b4 14.Nd5 Nxd5 15.exd5 Ne7
16.Bg5 h6 17.Bxh6 Bxh6 18.Qxh6 Nf5 19.Qd2 Bb5 20.Rfe1 Rxe2 21.Rxe2 Bxe2 22.Qxe2 Nxg3
23.Qe1 Qg5 24.Rd1 a5 25.Rd4 Nf5 26.f4 Qf6 27.Rc4 Kf8 28.Re4 Qb2 29.Rc4 Re8
30.Be4 c5 31.Qf2 Qc1+ 32.Kh2 Qe3 33.Qf3 Qd2+ 34.Qg2 Qxf4+ 35.Kg1 Ne3  0-1

[Event "RUS-chT"]
[Site "Orel"]
[Date "1997.??.??"]
[Round "?"]
[White "Isupov, Vladimir"]
[Black "Zhelnin, Vladimir V"]
[Result "1/2-1/2"]
[WhiteElo "2375"]
[BlackElo "2475"]

1.e4 g6 2.d4 Bg7 3.Nc3 d6 4.Nf3 Nf6 5.Be2 O-O 6.O-O c6 7.a4 Nbd7 8.h3 e5
9.Be3 Re8 10.Re1 Qc7 11.Bf1 b6 12.Bg5 a6 13.d5 c5 14.Nd2 Rb8 15.Nc4 h6 16.Be3 Nh5
17.g3 Ndf6 18.Kh2 Bd7 19.Na3 Ra8 20.Bg2 Kh7 21.Bf3 Rab8 22.Qe2 Qb7 23.Nc4 Bf8
24.a5 b5 25.Nb6 Ng7 26.Nb1  1/2-1/2

[Event "Ozery op2 Seniors"]
[Site "Ozery"]
[Date "1997.??.??"]
[Round "7"]
[White "Gruzmann, Boris"]
[Black "Vladimirov, Boris T"]
[Result "1/2-1/2"]
[WhiteElo "2280"]
[BlackElo "2370"]

1.e4 g6 2.d4 Bg7 3.Nc3 d6 4.Be3 Nd7 5.Qd2 a6 6.h4 Ngf6 7.Bh6 Bxh6 8.Qxh6 c5
9.Nf3 cxd4 10.Nxd4 b5 11.Be2 Bb7 12.h5 Qb6 13.O-O-O O-O-O 14.hxg6 hxg6 15.Qxh8 Rxh8
16.Rxh8+ Kc7 17.Ncxb5+ axb5 18.Nxb5+ Kc6 19.Nd4+ Kc7  1/2-1/2

[Event "Pamplona 9798"]
[Site "Pamplona"]
[Date "1997.??.??"]
[Round "1"]
[White "Magem Badals, Jorge"]
[Black "San Segundo, Pablo"]
[Result "1-0"]
[WhiteElo "2550"]
[BlackElo "2495"]

1.e4 g6 2.d4 Bg7 3.Nc3 d6 4.Be3 a6 5.Qd2 Nd7 6.h4 Ngf6 7.f3 b5 8.g4 h6 9.O-O-O Nb6
10.Qg2 Nfd7 11.Nge2 b4 12.Nb1 Bb7 13.Ng3 e6 14.f4 c5 15.f5 Qc7 16.fxe6 fxe6
17.g5 hxg5 18.hxg5 O-O-O 19.Rxh8 Bxh8 20.a3 a5 21.axb4 axb4 22.Bb5 cxd4 23.Bxd7+ Rxd7
24.Bxd4 Bxd4 25.Rxd4 Qc5 26.Qf2 d5 27.Nd2 e5 28.Rc4 dxc4 29.Qxc5+ Rc7 30.Qxb6  1-0

[Event "World op"]
[Site "Philadelphia"]
[Date "1997.??.??"]
[Round "5"]
[White "Wheeler, Jerry"]
[Black "Zaichik, Gennadi"]
[Result "0-1"]
[WhiteElo "2210"]
[BlackElo "2540"]

1.e4 g6 2.d4 Bg7 3.Nc3 d6 4.h3 c6 5.a4 Nd7 6.Nf3 Qc7 7.Be2 Ngf6 8.O-O O-O
9.a5 Rb8 10.Re1 b5 11.axb6 axb6 12.Bf4 e5 13.dxe5 dxe5 14.Bg5 Nc5 15.Bf1 Ne6
16.Be3 Bb7 17.Ng5 Nd4 18.Na4 c5 19.c3 h6 20.cxd4 exd4 21.Bxd4 cxd4 22.e5 hxg5
23.exf6 Bxf6 24.Qb3 Rfd8 25.Rec1 Qf4 26.Bc4 Be5 27.g3 Qf5 28.Nxb6 d3 29.Ra7 Qf3
30.Rxb7 Rxb7  0-1

[Event "Plzen KB opJ-B"]
[Site "Plzen"]
[Date "1997.??.??"]
[Round "7"]
[White "Houska, Jovanka"]
[Black "Mezera, Lukas"]
[Result "1/2-1/2"]
[WhiteElo "2115"]
[BlackElo "1795"]

1.e4 g6 2.d4 Bg7 3.Nc3 d6 4.Be3 Nf6 5.f3 c6 6.Qd2 O-O 7.O-O-O b5 8.h4 b4
9.Nb1 Qa5 10.Bh6 Be6 11.Bxg7 Kxg7 12.h5 Rh8 13.hxg6 fxg6 14.a3 c5 15.d5 Bd7
16.Bc4 Na6 17.Ne2 Qb6 18.Bxa6 bxa3 19.Nxa3 Qxa6 20.Qd3 Qb7 21.f4 Rab8 22.Qc3 Kg8
23.Ng3 Ng4 24.Rd2 Qb4 25.Qxb4 Rxb4 26.Re1 Kg7 27.f5 Ne5 28.fxg6 hxg6 29.c3 Ra4
30.Nc2 c4 31.Kb1 Nd3 32.Re3 Rb8 33.Nd4 Rb6 34.b3 Ra3 35.Ra2 Rxa2 36.Kxa2 Nc1+
37.Kb2 Nxb3 38.Nxb3 Rxb3+ 39.Ka2 Rb8 40.e5 dxe5 41.Rxe5 Kf6 42.Re4 Rc8 43.Ka3 a5
44.Ka2 Bf5 45.Nxf5 gxf5 46.Re6+ Kf7 47.Re5 Kf6 48.Re6+ Kf7 49.Re5 Kf6 50.Re6+  1/2-1/2

[Event "ESP-chT"]
[Site "Ponferrada"]
[Date "1997.??.??"]
[Round "3"]
[White "Tkachiev, Vladislav"]
[Black "Spraggett, Kevin"]
[Result "0-1"]
[WhiteElo "2615"]
[BlackElo "2575"]

1.e4 g6 2.d4 d6 3.Nc3 Bg7 4.Be3 a6 5.Nf3 b5 6.Bd3 Nd7 7.e5 Nb6 8.Qe2 Nh6
9.O-O-O Nf5 10.Bg5 h6 11.Bd2 dxe5 12.dxe5 c5 13.Be4 Ra7 14.Bf4 Qc7 15.g4 Nd4
16.Nxd4 cxd4 17.Rxd4 Nc4 18.Bd5 Bxe5 19.Bxe5 Nxe5 20.Re4 Nxg4 21.Rxg4 Bxg4
22.Qxg4 h5 23.Qf3 O-O 24.Rg1 Kg7 25.h4 Qe5 26.Bb3 Rd7 27.Ne2 e6 28.Nf4 Rd4
29.Nxh5+ Kh6 30.Nf6 Qf4+ 31.Qxf4+ Rxf4 32.Nd7 Rd8 33.Ne5 Kg7 34.h5 Rf5 35.Nc6 Rd6
36.Ne7 Rxh5 37.a4 Rh2 38.axb5 axb5 39.Rf1 Rh8 40.Rd1 Ra6 41.Rd7 Kf6 42.c4 Re8
43.Nd5+ exd5 44.cxb5 Ra1+ 45.Kd2 Rf1 46.Bxd5 Rxf2+ 47.Kc3 Re7 48.Rd8 Rc7+
49.Bc6 g5 50.Rg8 Rf4 51.b4 Re7 52.b6 Re3+ 53.Kd2 Rb3 54.b5 Rf2+ 55.Ke1 Rh2
56.Rd8 Rb1+ 57.Rd1 Rxd1+ 58.Kxd1 Ke6 59.b7 Rh8 60.Ke2 f5 61.Ke3 Rf8 62.Kf3 Kd6
63.Ke3 Kc7 64.Kd4 g4 65.Ke3 f4+ 66.Kf2 Rb8 67.Bd5 Rxb7 68.Be6 g3+ 69.Kf3 Rxb5  0-1

[Event "ESP-chT"]
[Site "Ponferrada"]
[Date "1997.??.??"]
[Round "8"]
[White "Mitkov, Nikola"]
[Black "Tkachiev, Vladislav"]
[Result "0-1"]
[WhiteElo "2455"]
[BlackElo "2615"]

1.e4 g6 2.Nc3 Bg7 3.d4 d6 4.Be3 c6 5.Qd2 b5 6.Bd3 Nf6 7.Bh6 O-O 8.h3 e5 9.dxe5 dxe5
10.Nf3 Nbd7 11.O-O-O Qe7 12.Rhe1 Nc5 13.Bxg7 Kxg7 14.Qg5 Re8 15.Re3 a5 16.Kb1 Rb8
17.Ne2 Na4 18.Nc1 c5 19.c3 c4 20.Bc2 h6 21.Qh4 Nc5 22.g4 b4 23.cxb4 Rxb4
24.Ka1 Qb7 25.g5 hxg5 26.Nxg5 Rxb2 27.Bb3 cxb3  0-1

[Event "POL-ch sf"]
[Site "Poraj "]
[Date "1997.??.??"]
[Round "1"]
[White "Grabarczyk, Bogdan"]
[Black "Mista, Aleksander"]
[Result "1/2-1/2"]
[WhiteElo "2460"]
[BlackElo "2225"]

1.e4 g6 2.d4 Bg7 3.Nc3 d6 4.Bg5 Nf6 5.f4 c6 6.Qd2 O-O 7.e5 Nd5 8.Nxd5 cxd5
9.O-O-O Nc6 10.Kb1 Bf5 11.Ne2 Rc8 12.Ng3 Nxd4 13.Nxf5 Nxf5 14.g4 f6 15.gxf5 fxg5
16.Qxd5+ Kh8 17.f6 exf6 18.exd6 f5 19.d7 Rb8 20.fxg5 Qxg5 21.c3 b5 22.h4 Qf6
23.h5 g5 24.Bxb5 a6 25.h6 Bxh6 26.Rxh6 Qxh6 27.Qe5+ Qf6 28.Qxf6+ Rxf6 29.d8=Q+ Rxd8
30.Rxd8+ Kg7 31.Bc4 f4 32.Rd7+ Kh6 33.Kc2 g4 34.Kd2 g3 35.Bd3 f3 36.Ke3 Kg5
37.Rxh7 Kg4 38.Bc4 f2 39.Be2+ Kf5 40.Rh3 Rg6 41.Rh5+ Kf6 42.Bf1 g2 43.Bxg2 Rxg2
44.Ke2 f1=Q+ 45.Kxf1 Rxb2 46.Ra5 Rc2 47.Ra3 Ke5 48.Ke1 Kd5 49.Kd1 Rh2 50.Ra4 Kc5
51.Kc1 Kb5 52.Rb4+ Kc5 53.Rb2 Rh3 54.Kc2 a5 55.Rb8 Rh2+ 56.Kb3 a4+ 57.Ka3 Kc4
58.Rc8+ Kd3 59.Rc7 Rh4 60.Rc8 Rg4  1/2-1/2

[Event "POL-ch sf"]
[Site "Poraj "]
[Date "1997.??.??"]
[Round "2"]
[White "Banasik, Henryk"]
[Black "Szymczak, Zbigniew"]
[Result "0-1"]
[WhiteElo "2130"]
[BlackElo "2320"]

1.e4 g6 2.d4 Bg7 3.Nc3 d6 4.Nf3 Nf6 5.h3 O-O 6.Be3 c6 7.Qd2 b5 8.a3 Nbd7
9.e5 Ne8 10.Bg5 f6 11.exf6 Nexf6 12.Bd3 Nb6 13.b3 Bf5 14.Bxf5 gxf5 15.Qd3 Qd7
16.O-O a5 17.Bxf6 Bxf6 18.Rad1 b4 19.Nb1 Nd5 20.Rfe1 Kh8 21.Kh2 Rg8 22.g3 Rg6
23.c4 bxc3 24.Nxc3 Nxc3 25.Qxc3 Rgg8 26.Qe3 Qb7 27.Rb1 Qb5 28.Rec1 Qd5 29.Rd1 Rab8
30.h4 Rg4 31.Kh3 Rbg8 32.Nh2 f4 33.Qf3 fxg3 34.Qxd5 Rxh4+ 35.Kg2 Rxh2+  0-1

[Event "POL-ch sf"]
[Site "Poraj "]
[Date "1997.??.??"]
[Round "7"]
[White "Filipek, Jakub"]
[Black "Stryjecki, Marek"]
[Result "1-0"]
[WhiteElo "2390"]
[BlackElo "2325"]

1.e4 g6 2.d4 Bg7 3.Nc3 d6 4.f4 Nc6 5.Be3 Nf6 6.Nf3 O-O 7.Bd3 Ng4 8.Bg1 e5
9.fxe5 dxe5 10.d5 Nd4 11.Bc4 f5 12.Nxd4 exd4 13.Bxd4 Ne5 14.O-O fxe4 15.Bxe5 Bxe5
16.d6+ Kh8 17.dxc7 Rxf1+ 18.Qxf1 Bxc7 19.Rd1 Qe7 20.Nd5 Qc5+ 21.Kh1 Bf5 22.b4 Qd6
23.Nxc7 Qxc7 24.g4 Rf8 25.Rd5 Kg7 26.gxf5 Rxf5 27.Qa1+ Rf6 28.Qe5  1-0

[Event "Pori We PSY"]
[Site "Pori"]
[Date "1997.??.??"]
[Round "5"]
[White "Kiik, Kalle"]
[Black "Vetemaa, Juri"]
[Result "1/2-1/2"]
[WhiteElo "2380"]
[BlackElo "2355"]

1.e4 g6 2.d4 Bg7 3.Nc3 d6 4.f4 Nf6 5.Nf3 c6 6.Bd3 Bg4 7.h3 Bxf3 8.Qxf3 e6
9.Be3 d5 10.e5 Nfd7 11.Ne2 c5 12.c3 c4 13.Bc2 h5 14.g3 Nc6 15.O-O b5 16.b3 Bf8
17.bxc4 bxc4 18.a4 Rb8 19.Rab1 Be7 20.g4 hxg4 21.hxg4 Rxb1 22.Rxb1 Ba3 23.Kg2 Qh4
24.Qg3 Qxg3+ 25.Kxg3 Kd8 26.Ra1 Be7 27.f5 gxf5 28.gxf5 Kc7 29.Nf4 Nd8 30.Rb1 Bf8
31.Nh3 Bh6 32.Bxh6 Rxh6 33.f6 Rh5 34.Bd1 Rh6 35.Bg4 Nc6 36.Ng5 Ncxe5 37.dxe5 Nxe5
38.Rf1 Rg6 39.Kh4 Rh6+ 40.Bh5 Ng6+ 41.Kg4 Ne5+ 42.Kh4 Ng6+ 43.Kg4  1/2-1/2

[Event "Porto San Giorgio op"]
[Site "Porto San Giorgio"]
[Date "1997.??.??"]
[Round "2"]
[White "Passoni, Carlo"]
[Black "Badea, Bela"]
[Result "0-1"]
[WhiteElo "2200"]
[BlackElo "2525"]

1.e4 g6 2.d4 Bg7 3.Nc3 d6 4.h3 c6 5.Nf3 b5 6.a3 a6 7.Bg5 Nd7 8.Bd3 Qc7 9.O-O Ngf6
10.Re1 e5 11.dxe5 dxe5 12.Qd2 O-O 13.Rad1 Nc5 14.Bf1 Ne6 15.Be3 Rd8 16.Qc1 Bb7
17.Rxd8+ Rxd8 18.Rd1 c5 19.Rxd8+ Nxd8 20.Nd2 Ne6 21.f3 Bf8 22.Nd1 c4 23.c3 Nh5
24.Kf2 f5 25.exf5 gxf5 26.Kg1 Nef4 27.Qc2 Ng3 28.Bf2 Nxf1 29.Nxf1 Nd3 30.Ng3 Qf7
31.Qe2 Qg6 32.Kf1 Bd6 33.h4 Kf7 34.h5 Qf6 35.a4 Bc6 36.axb5 axb5 37.b4 Ke6
38.Ne3 Nxf2 39.Nexf5 Nd3 40.Nd4+ Kd7 41.Nxc6 Qf4  0-1

[Event "GER-CupT 9697 sf"]
[Site "Porz"]
[Date "1997.??.??"]
[Round "?.2"]
[White "Kindermann, Stefan"]
[Black "Polzin, Rainer"]
[Result "1/2-1/2"]
[WhiteElo "2540"]
[BlackElo "2415"]

1.e4 g6 2.d4 Bg7 3.Nc3 d6 4.Be3 a6 5.g4 b5 6.Bg2 Bb7 7.Nge2 Nd7 8.Ng3 e5
9.h4 Ngf6 10.f3 exd4 11.Bxd4 c5 12.Bf2 b4 13.Nce2 Ne5 14.Nf4 Qe7 15.O-O O-O
16.Re1 Qc7 17.Qe2 Nc6 18.c3 Rae8 19.Qd2 bxc3 20.bxc3 Na5 21.Nf1 Nc4 22.Qd3 d5
23.Nxd5 Nxd5 24.Qxc4 Nf4 25.Rad1 Qa5 26.Qxc5 Qxc3 27.Qxc3 Bxc3 28.Re3 Rc8
29.Rb1 Ba8 30.Rc1 Bd4 31.Rxc8 Rxc8 32.Rb3 Bxf2+ 33.Kxf2 Rc2+ 34.Kg3 Nxg2
35.Rb8+ Kg7 36.Rxa8 Rxa2 37.g5 h5 38.f4 Ne1 39.Ne3 Ra3 40.Kf2 Nd3+ 41.Kf3 Nb4
42.Ke2 Ra2+ 43.Kf3 Ra3 44.Ke2 Ra2+ 45.Kf3  1/2-1/2

[Event "CZE-ch U20"]
[Site "Prague"]
[Date "1997.??.??"]
[Round "7"]
[White "Novak, Pavel"]
[Black "Oral, Tomas"]
[Result "1-0"]
[WhiteElo "2215"]
[BlackElo "2415"]

1.e4 g6 2.d4 Bg7 3.Nc3 d6 4.Nf3 Nf6 5.h3 O-O 6.Be2 c6 7.O-O Nbd7 8.e5 Ne8
9.Bf4 Nb6 10.Qd2 Be6 11.b3 Rc8 12.Ne4 Bd5 13.Qe3 f5 14.Ned2 Bxf3 15.Nxf3 Nd5
16.Qd2 Nec7 17.Bh6 Nb6 18.Rad1 Ne6 19.c4 dxe5 20.Bxg7 Kxg7 21.Nxe5 Nd7 22.Qe3 f4
23.Qc3 Nxe5 24.dxe5 Qc7 25.Bg4 Kf7 26.c5 h5 27.Bxe6+ Kxe6 28.Qc4+ Kxe5 29.Rfe1+ Kf6
30.Qe6+ Kg7 31.Rd7 Qa5 32.Qxe7+  1-0

[Event "SVK-ch"]
[Site "Presov"]
[Date "1997.??.??"]
[Round "4"]
[White "Rogovski, Vladimir"]
[Black "Ianov, Viktor"]
[Result "1-0"]
[WhiteElo "2455"]
[BlackElo "2310"]

1.e4 d6 2.d4 g6 3.Nc3 Bg7 4.Nf3 a6 5.Bf4 b5 6.Qd2 Bb7 7.O-O-O b4 8.Nd5 a5
9.Bd3 Nd7 10.Rhe1 e6 11.Ne3 Ne7 12.Nc4 O-O 13.Bh6 Nf6 14.Bxg7 Kxg7 15.e5 dxe5
16.dxe5 Nfd5 17.Qg5 h6 18.Qg4  1-0

[Event "SVK-ch"]
[Site "Presov"]
[Date "1997.??.??"]
[Round "7"]
[White "Plachetka, Jan"]
[Black "Ianov, Viktor"]
[Result "1-0"]
[WhiteElo "2445"]
[BlackElo "2310"]

1.e4 d6 2.d4 g6 3.Nc3 Bg7 4.Be3 a6 5.a4 b6 6.Qd2 Bb7 7.f3 Nd7 8.h4 h6 9.Nh3 e6
10.Nf2 Ne7 11.Be2 c5 12.dxc5 dxc5 13.Rd1 Nc6 14.Nb1 Nd4 15.c3 Nxe2 16.Qxe2 Bc6
17.Qc2 Qc7 18.Na3 b5 19.Nd3 O-O 20.axb5 axb5 21.O-O Rfc8 22.Qf2 c4 23.Nb4 Ne5
24.Bb6 Qb7 25.Bd4 Be8 26.Qg3 Qb8 27.f4 Nd7 28.Bxg7 Kxg7 29.h5 Nf6 30.hxg6 Nxe4
31.Qe3 f5 32.Nac2 Ra7 33.Nd4 Kf6 34.Nf3 Kxg6 35.Ne5+ Kh7 36.Rd4 Qa8 37.Rdd1 Rg7
38.Ra1 Qb7 39.Qh3 Rg3 40.Qh4 Qg7 41.Qh2 Bh5 42.Nbc6 Be8 43.Nd4 Nc5 44.Nef3 Rg6
45.Rfe1 Kg8 46.Ne5 Rg3 47.Re2 Rb8 48.Qh4 Rc8 49.Kh2 Rg6 50.Nxg6 Qxg6 51.Re3 Ne4
52.Ra7 Nf6 53.Rxe6  1-0

[Event "Pula op"]
[Site "Pula"]
[Date "1997.??.??"]
[Round "2"]
[White "Drei, Andrea"]
[Black "Gabriel, Christian"]
[Result "0-1"]
[WhiteElo "2305"]
[BlackElo "2570"]

1.e4 d6 2.d4 g6 3.Nc3 Bg7 4.Nf3 a6 5.a4 e6 6.Be3 b6 7.Bc4 Ne7 8.Qd2 h6 9.O-O Nd7
10.Ne1 Bb7 11.f4 Nf6 12.d5 exd5 13.exd5 O-O 14.h3 b5 15.axb5 axb5 16.Rxa8 Bxa8
17.Bxb5 Nexd5 18.Nxd5 Bxd5 19.f5 g5 20.h4 c6 21.Bd3 Re8 22.Nf3 Ng4 23.Bd4 Bxd4+
24.Nxd4 Qb6 25.c3 f6 26.Be2 Ne3 27.Rf2 Re5 28.Bd3 c5 29.Nf3 Bxf3 30.gxf3 c4
31.Be4 Kg7 32.Qd4 Qxd4 33.cxd4 Rb5 34.hxg5 fxg5 35.d5 Kf6 36.f4 gxf4 37.Rxf4 Rxb2
38.Rf3 Re2 39.Rh3 Nxf5 40.Bxf5 Kxf5  0-1

[Event "Pula op"]
[Site "Pula"]
[Date "1997.??.??"]
[Round "3"]
[White "Movsesian, Sergei"]
[Black "Denoth, Mario"]
[Result "1-0"]
[WhiteElo "2630"]
[BlackElo "2240"]

1.e4 g6 2.d4 Bg7 3.Nc3 d6 4.Be3 c6 5.h3 Nd7 6.f4 b5 7.Nf3 b4 8.Ne2 Ngf6 9.Ng3 Bb7
10.c4 bxc3 11.bxc3 O-O 12.Bd3 Qa5 13.Bd2 d5 14.e5 Ne4 15.Nxe4 dxe4 16.Bxe4 Qc7
17.c4 Nb6 18.Qc2 e6 19.Bb4 Rfd8 20.Bd6 Qc8 21.Kf2 Ba6 22.c5 Nd5 23.Qd2 Rd7
24.Rhb1 Rb7 25.Rxb7 Qxb7 26.Rb1 Qc8 27.g3 Bb5 28.Qa5 Qa6 29.Qxa6 Bxa6 30.Bxd5 exd5
31.a4  1-0

[Event "EU-chT (Men)"]
[Site "Pula"]
[Date "1997.??.??"]
[Round "5"]
[White "Jussupow, Artur"]
[Black "Ehlvest, Jaan"]
[Result "1/2-1/2"]
[WhiteElo "2665"]
[BlackElo "2635"]

1.d4 g6 2.e4 d6 3.Nc3 Bg7 4.Be3 a6 5.Qd2 b5 6.f3 Nd7 7.Nh3 Bb7 8.Be2 c5 9.d5 h6
10.O-O Ngf6 11.Nd1 Ne5 12.Ndf2 g5 13.c3 Bc8 14.a4 Bd7 15.axb5 axb5 16.b3 Ng6
17.Ra2 Rxa2 18.Qxa2 O-O 19.Bd2 Qb6 20.Ra1 Rb8 21.Qa5  1/2-1/2

[Event "EU-chT (Women)"]
[Site "Pula"]
[Date "1997.??.??"]
[Round "6"]
[White "Ciuksyte, Dagne"]
[Black "Klinova, Masha"]
[Result "1/2-1/2"]
[WhiteElo "2285"]
[BlackElo "2340"]

1.e4 d6 2.d4 g6 3.Nc3 Bg7 4.h4 Nf6 5.Be2 Nbd7 6.h5 e5 7.Be3 c6 8.h6 Bf8 9.Nh3 b5
10.Ng5 Be7 11.Qd2 b4 12.Nb1 O-O 13.a3 bxa3 14.Nxa3 d5 15.dxe5 Nxe5 16.Qc3 Re8
17.O-O-O Bf8 18.Bf4 Qe7 19.Bf3 Bb7 20.Rde1 Nxf3 21.gxf3 dxe4 22.fxe4 Ng4
23.Nc4 Qc5 24.Nd6 Qxc3 25.bxc3 Bxd6 26.Bxd6 f6 27.f3 Ne5 28.Bxe5 Rxe5 29.Nh3 Rae8  1/2-1/2

[Event "EU-chT (Men)"]
[Site "Pula"]
[Date "1997.??.??"]
[Round "6"]
[White "Fedorov, Alexei"]
[Black "Godena, Michele"]
[Result "1-0"]
[WhiteElo "2580"]
[BlackElo "2545"]

1.e4 d6 2.Nc3 g6 3.d4 Bg7 4.Bg5 Nc6 5.d5 Nb8 6.Qd2 c6 7.O-O-O Qa5 8.Nge2 Nd7
9.Kb1 c5 10.Nc1 a6 11.Nb3 Qc7 12.f4 h6 13.Bh4 g5 14.Be1 gxf4 15.Ne2 Ngf6
16.Qxf4 Ne5 17.Ng3 b5 18.Ba5 Qb8 19.Bc3 Ng6 20.Qd2 b4 21.Bxf6 Bxf6 22.Nh5 Be5
23.Na5 Bd7 24.Be2 Qc7 25.Nc4 Bd4 26.Rhf1 Bb5 27.Ne3 Rh7 28.Nf5 Bh8 29.Rf3 Rb8
30.Rdf1 c4 31.Nhg7+ Bxg7 32.Nxg7+ Rxg7 33.Qxh6 Rg8 34.Rxf7 c3 35.Qh7 Bxe2
36.Qxg8+ Kd7 37.Qxg6 Re8 38.Rf8 Rxf8 39.Rxf8 Qc5  1-0

[Event "EU-chT (Men)"]
[Site "Pula"]
[Date "1997.??.??"]
[Round "6"]
[White "Miladinovic, Igor"]
[Black "Gadjilu, Rauf"]
[Result "0-1"]
[WhiteElo "2510"]
[BlackElo "2290"]

1.d4 g6 2.e4 Bg7 3.Nc3 d6 4.Be3 Nd7 5.Qd2 e5 6.d5 Ne7 7.f3 f5 8.g4 Nf6 9.gxf5 gxf5
10.O-O-O O-O 11.Nh3 fxe4 12.fxe4 Ng6 13.Rg1 b5 14.Nxb5 Nxe4 15.Qb4 a6 16.Na7 Bf5
17.Nc6 Qh4 18.Qe1 Kh8 19.Bg2 Bh6 20.Kb1 Bxe3 21.Qxe3 Nc5 22.Ng5 Qf4 23.Rde1 Qxe3
24.Rxe3 Nf4 25.b4 Nd7 26.Ne7 h6 27.Ne6 Rf7 28.Nxf5 Rxf5 29.Be4 Rf7 30.Nxc7 Rb8
31.Rb3 Nf6 32.Nxa6 Rb6 33.Bd3 Nxd3 34.Rxd3 Rxa6 35.Rf3 Kh7 36.Rgf1 Kg7 37.c4 e4
38.Rf4 Ra4 39.Rg1+ Kf8 40.a3 Rxa3 41.Rg6 Rf3  0-1

[Event "Pula op"]
[Site "Pula"]
[Date "1997.??.??"]
[Round "6"]
[White "Genser, Harald"]
[Black "Dumpor, Atif"]
[Result "0-1"]
[WhiteElo "2175"]
[BlackElo "2295"]

1.e4 g6 2.d4 Bg7 3.Nc3 d6 4.g3 Nf6 5.Bg2 O-O 6.Nge2 e5 7.O-O Nc6 8.dxe5 dxe5
9.Bg5 Be6 10.Nd5 Bxd5 11.exd5 Ne7 12.c4 h6 13.Bxf6 Bxf6 14.Qd2 Nf5 15.Rfd1 Qe7
16.Bh3 Nd4 17.Nxd4 exd4 18.Re1 Qc5 19.Qd3 a5 20.a4 Kg7 21.Re2 h5 22.Bg2 Qb4
23.b3 Rfe8 24.Bf1 h4 25.Raa2 hxg3 26.hxg3 Rh8 27.Rac2 Rh5 28.Bg2 Qa3 29.Re1 Qc5
30.Rce2 Qf8 31.Rd1 Ra6 32.Rb1 Rb6 33.Bf3 Re5 34.Rxe5 Bxe5 35.Re1 Bf6 36.Bd1 Qb4
37.Re2 c6 38.dxc6 bxc6 39.Bc2 Rb8 40.Kg2 Qa3 41.Re1 Qb4 42.Re2 Rh8 43.Rd2 Qd6
44.Qf3 Qe5 45.Rd1 c5 46.Rh1 Rd8 47.Rd1 Qg5 48.Bd3 Rb8 49.Bc2 Re8 50.Bd3 Be5
51.Be2 f5 52.Bd3 f4 53.g4 Bf6 54.Rh1 Rb8 55.Rb1 Be5 56.Bc2 Rb6 57.Rd1 Qe7
58.Re1 Qf6 59.Rd1 d3 60.Rxd3 Bd4 61.Rd1 Re6 62.Rd2 Kh6 63.Re2 Rd6 64.Re4 Kg5
65.Re1 Rd7 66.Re4 Be3 67.Bd1 Rd2 68.Be2 Qb2 69.fxe3 Rxe2+ 70.Kf1 Rf2+ 71.Qxf2 Qb1+
72.Qe1 Qxe4 73.exf4+ Qxf4+ 74.Kg2 Qxg4+ 75.Kh2 Qh4+ 76.Qxh4+ Kxh4 77.b4 axb4
78.a5 b3 79.a6 b2 80.a7 b1=Q 81.a8=Q Qb2+ 82.Kg1 Kg3  0-1

[Event "Rome-ch"]
[Site "Rome"]
[Date "1997.??.??"]
[Round "5"]
[White "Vallifuoco, Giovanni"]
[Black "Marzano, Carlo"]
[Result "0-1"]
[WhiteElo "2255"]
[BlackElo "2175"]

1.d4 d6 2.e4 g6 3.Nc3 Bg7 4.Nf3 Bg4 5.Be2 Nc6 6.Be3 Nf6 7.d5 Bxf3 8.Bxf3 Ne5
9.Be2 O-O 10.f4 Ned7 11.O-O c6 12.Qd2 Qa5 13.a3 Rfc8 14.Bf3 cxd5 15.exd5 Nb6
16.b4 Qa6 17.Bd4 Qc4 18.Be2 Ne4 19.Nxe4 Qxd4+ 20.Qxd4 Bxd4+ 21.Kh1 Bxa1 22.Rxa1 Rxc2
23.Bd3 Rb2 24.f5 Rc8 25.fxg6 hxg6 26.h4 Nxd5 27.Ng5 Kg7 28.Rf1 Nf6 29.Rf3 Rc3
30.Rg3 Rbb3  0-1

[Event "WchT U26"]
[Site "Roque Saenz Pena"]
[Date "1997.??.??"]
[Round "4"]
[White "Ortiz, Waldemar"]
[Black "Mera Cedeno, Angel"]
[Result "0-1"]
[WhiteElo "2130"]
[BlackElo "2250"]

1.d4 g6 2.e4 Bg7 3.Nc3 d6 4.Nf3 Bg4 5.Be3 Nc6 6.d5 Ne5 7.Be2 Bxf3 8.gxf3 c5
9.Qd2 a6 10.f4 Nd7 11.O-O b5 12.a3 h5 13.e5 dxe5 14.fxe5 Bxe5 15.f4 Bd6 16.Ne4 Nh6
17.b4 Rc8 18.bxc5 Nxc5 19.Nxc5 Rxc5 20.Bxc5 Bxc5+ 21.Kh1 Qd6 22.a4 b4 23.Qd3 O-O
24.Qxa6 Qxd5+ 25.Bf3 Qd2 26.Rad1 Qxf4 27.Bxh5 Qg5 28.Bf3 Nf5 29.Qb5 Kg7 30.Rd5 Ba7
31.a5 Ng3+ 32.Kg2 Nf5+ 33.Kh1 Rh8 34.Rxf5  0-1

[Event "WchT U26"]
[Site "Roque Saenz Pena"]
[Date "1997.??.??"]
[Round "5"]
[White "Zarnicki, Pablo"]
[Black "Irzhanov, Ruslan"]
[Result "1/2-1/2"]
[WhiteElo "2550"]
[BlackElo "2535"]

1.e4 g6 2.d4 Bg7 3.Nc3 d6 4.g3 Nf6 5.Bg2 O-O 6.Nge2 Nbd7 7.O-O e5 8.h3 c6
9.a4 a5 10.Bg5 Re8 11.Qd2 Qc7 12.Rad1 b6 13.Bh6 Bh8 14.d5 cxd5 15.Nxd5 Nxd5
16.Qxd5 Ba6 17.Qxd6 Qxd6 18.Rxd6 Nc5 19.Re1 Bxe2 20.Rxe2 Nxa4 21.b3 Nc3 22.Re3 Rec8
23.Rxb6 Bg7 24.Bxg7 Kxg7 25.Rb7 a4 26.bxa4 Nxa4 27.Rf3 Rf8 28.Rc7 Ra5 29.Rd3 Nc5
30.Rd5 Ra1+ 31.Kh2 Na6 32.Rc3 Re1 33.Rxe5 Re2 34.f4 Rb8 35.Rd5 Rb1 36.Rdd3 Rf1
37.Re3 Rd2 38.Red3 Re2 39.Rf3 Rd1 40.Rfe3 Rf2  1/2-1/2

[Event "WchT U26"]
[Site "Roque Saenz Pena"]
[Date "1997.??.??"]
[Round "6"]
[White "Dgebuadze, Alexandre"]
[Black "Irzhanov, Ruslan"]
[Result "0-1"]
[WhiteElo "2465"]
[BlackElo "2535"]

1.e4 g6 2.d4 Bg7 3.Nc3 d6 4.Be3 c6 5.Nf3 Nf6 6.h3 O-O 7.Be2 Qc7 8.Qd2 b5
9.a3 Nbd7 10.O-O Bb7 11.Bh6 a6 12.Rfe1 c5 13.Bxg7 Kxg7 14.e5 dxe5 15.dxe5 Nxe5
16.Nxe5 Qxe5 17.Bf3 Qc7 18.Bxb7 Qxb7 19.Rad1 Qc7 20.a4 Rad8 21.Qe2 b4 22.Rxd8 Rxd8
23.Nd1 Qd7 24.b3 Qd2 25.Nb2 e6 26.Nd3 Qc3 27.Ne5 Rd2 28.Qxa6 Rxc2 29.Re3 Qa1+
30.Kh2 Rxf2 31.Qa7 Nd5 32.Re2 Rf1 33.Qxc5 Nf4 34.Rf2 Rxf2  0-1

[Event "Saint Affrique op"]
[Site "Saint Affrique"]
[Date "1997.??.??"]
[Round "6"]
[White "Mrdja, Milan"]
[Black "Safranska, Anda"]
[Result "0-1"]
[WhiteElo "2390"]
[BlackElo "2270"]

1.e4 g6 2.d4 Bg7 3.Nc3 d6 4.f4 Nf6 5.Nf3 O-O 6.Be3 c6 7.Bd3 Na6 8.O-O Ng4
9.Bc1 c5 10.dxc5 Nxc5 11.h3 Nxd3 12.cxd3 Nf6 13.Qe1 e5 14.f5 gxf5 15.Bg5 h6
16.Bh4 Qb6+ 17.Rf2 f4 18.d4 exd4 19.Bxf6 Bxf6 20.Nd5 Qd8 21.Nxf6+ Qxf6 22.Qd2 Qg6
23.Qxf4 Bxh3 24.Nxd4 Rad8 25.Re1 Bg4 26.Rd2 d5 27.e5 Rc8 28.Rf2 a6 29.Qd2 Qg5
30.Rf4 Rfe8 31.Qf2 Re7 32.Nf5 Bxf5 33.Rxf5 Qg7 34.Re3 Rc6 35.Qh4 Rg6 36.Qf2 Rg5
37.Rxg5 hxg5 38.Qf5 Re6 39.Qc2 Rc6 40.Qd2 Qh7 41.Rc3 Qb1+ 42.Kh2 Rh6+ 43.Rh3 Rxh3+
44.gxh3 Kh7 45.Qxd5 Qxb2+ 46.Kh1 Qc1+ 47.Kh2 Qf4+ 48.Kg2 Qf5 49.Qxb7 Qc2+
50.Kg3 Qxa2 51.Qe4+ Kh6 52.h4 Qb3+ 53.Kg2 Qe6 54.hxg5+ Kxg5 55.Kg3 Qf5 56.Qd4 Kg6
57.Qd5 Qe6 58.Qe4+ Kg7 59.Qd4 a5 60.Kf2 Kg6 61.Ke3 Qb3+ 62.Ke2 Kf5 63.Qa7 Qd5
64.Kf2 Kxe5 65.Qe3+ Kf6 66.Qh6+ Ke7 67.Qh4+ Ke6 68.Qh6+ f6 69.Qf8 Kf5 70.Qh8 Qd2+
71.Kf1 Qf4+ 72.Ke2 a4 73.Qh7+ Kg4 74.Qg6+ Kh4 75.Qf7 Kg3 76.Qg7+  0-1

[Event "Saint Affrique op"]
[Site "Saint Affrique"]
[Date "1997.??.??"]
[Round "8"]
[White "Montagard, Guillaume"]
[Black "Bricard, Emmanuel"]
[Result "0-1"]
[WhiteElo "2225"]
[BlackElo "2450"]

1.e4 g6 2.d4 Bg7 3.Nc3 d6 4.f4 a6 5.Nf3 b5 6.Bd3 Nd7 7.e5 c5 8.Ne4 cxd4 9.exd6 Qb6
10.f5 gxf5 11.Ng3 e6 12.Qe2 Kf8 13.Bf4 Ngf6 14.O-O Nd5 15.Ng5 Nxf4 16.Rxf4 Qxd6
17.Raf1 Ne5 18.Nxf5 exf5 19.Bxf5 Bxf5 20.Rxf5 Ra7 21.Qh5 Qg6  0-1

[Event "Salsomaggiore op"]
[Site "Salsomaggiore"]
[Date "1997.??.??"]
[Round "3"]
[White "Vezzosi, Paolo"]
[Black "Oschetzki, Stefan"]
[Result "0-1"]
[WhiteElo "2290"]
[BlackElo "2130"]

1.d4 g6 2.e4 Bg7 3.Nc3 d6 4.Be2 Nf6 5.Nf3 O-O 6.O-O c6 7.a4 a5 8.Bg5 Qc7
9.Qd2 Bg4 10.Rad1 Nbd7 11.Qe3 Rad8 12.h3 Bxf3 13.Qxf3 h6 14.Be3 Rfe8 15.Qg3 e5
16.dxe5 dxe5 17.Bc4 Nf8 18.f3 Ne6 19.Rxd8 Qxd8 20.Rd1 Qc7 21.Bxe6 Rxe6 22.Qf2 Rd6
23.Rxd6 Qxd6 24.Bc5 Qe6 25.b3 Nd7 26.Ba3 Bf8 27.Bxf8 Nxf8 28.Qc5 Qf6 29.Qxa5 Ne6
30.Ne2 Qg5 31.Kf2 Qh4+ 32.Kf1 Qg5 33.Qa8+ Kg7 34.Qxb7 Nd4 35.f4 Qh5 36.Qa6 exf4
37.Qc4 Ne6 38.Qxc6 Qxe2+ 39.Kxe2 Nd4+ 40.Kd3 Nxc6 41.Kc4 g5 42.e5 h5 43.b4 g4
44.hxg4 Nxe5+ 45.Kd4 hxg4 46.a5 f3 47.gxf3 g3 48.Ke3 Nd3 49.Kxd3 g2 50.Kc4 g1=Q
51.Kb5 Qf1+ 52.c4 Qxf3  0-1

[Event "Santiago op"]
[Site "Santiago de Chile"]
[Date "1997.??.??"]
[Round "3"]
[White "Llorens, Marcelo"]
[Black "Arbunic Castro, Giovanna B"]
[Result "1-0"]
[WhiteElo "2235"]
[BlackElo "2120"]

1.e4 g6 2.d4 Bg7 3.Nc3 d6 4.f4 c6 5.Nf3 b5 6.Bd3 b4 7.Ne2 Nd7 8.O-O e5 9.fxe5 dxe5
10.Bc4 Ngf6 11.c3 O-O 12.Ng3 Qb6 13.Kh1 bxc3 14.bxc3 Ba6 15.Bxa6 Qxa6 16.dxe5 Nxe4
17.Nxe4 Nxe5 18.Nxe5 Bxe5 19.Bh6 Rfd8 20.Qb3 Rd5 21.Nf6+ Bxf6 22.Rxf6 Rad8
23.h3 Qe2 24.Raf1  1-0